Loading...
| Current Events | 1 | 20.00 | 100% | 100% | 0% |
| Fine Arts - Classical Music | 8 | 16.25 | 100% | 50% | 13% |
| Fine Arts - Other | 2 | 25.00 | 100% | 100% | 50% |
| Fine Arts - Painting and Sculpture | 4 | 22.50 | 100% | 100% | 25% |
| Geography | 3 | 13.33 | 100% | 33% | 0% |
| History - American | 8 | 17.50 | 100% | 75% | 0% |
| History - European | 5 | 18.00 | 80% | 80% | 20% |
| History - Other | 5 | 18.00 | 100% | 60% | 20% |
| History - World | 6 | 16.67 | 83% | 67% | 17% |
| Literature - American | 5 | 22.00 | 100% | 80% | 40% |
| Literature - British | 8 | 17.50 | 100% | 63% | 13% |
| Literature - European | 10 | 20.00 | 90% | 80% | 30% |
| Literature - World | 8 | 21.25 | 100% | 63% | 50% |
| Mythology | 7 | 20.00 | 100% | 43% | 57% |
| Other Academic | 1 | 10.00 | 100% | 0% | 0% |
| Philosophy | 6 | 15.00 | 100% | 50% | 0% |
| Pop Culture | 2 | 20.00 | 100% | 100% | 0% |
| Religion | 4 | 20.00 | 100% | 50% | 50% |
| Science - Biology | 8 | 22.50 | 100% | 75% | 50% |
| Science - Chemistry | 4 | 20.00 | 100% | 50% | 50% |
| Science - Other | 6 | 21.67 | 100% | 83% | 33% |
| Science - Physics | 7 | 14.29 | 100% | 29% | 14% |
| Social Science | 7 | 21.43 | 100% | 57% | 57% |